Ultra high Temperature Thermal Endurance Testing of Silica Carbon Aromatic Oil Glass Fiber Reinforced in Epdm Based Ablative Composites (Record no. 561132)
[ view plain ]
| 000 -LEADER | |
|---|---|
| fixed length control field | 00440nam a2200133Ia 4500 |
| 005 - DATE AND TIME OF LATEST TRANSACTION | |
| control field | 20210429153916.0 |
| 008 - FIXED-LENGTH DATA ELEMENTS--GENERAL INFORMATION | |
| fixed length control field | 210429s9999 xx 000 0 und d |
| 082 ## - DEWEY DECIMAL CLASSIFICATION NUMBER | |
| Classification number | MTL-MS IQ/BL |
| 100 ## - MAIN ENTRY--PERSONAL NAME | |
| Personal name | Nadeem Iqbal |
| 9 (RLIN) | 47573 |
| 245 ## - TITLE STATEMENT | |
| Title | Ultra high Temperature Thermal Endurance Testing of Silica Carbon Aromatic Oil Glass Fiber Reinforced in Epdm Based Ablative Composites |
| 260 ## - PUBLICATION, DISTRIBUTION, ETC. | |
| Place of publication, distribution, etc. | ISLAMABAD |
| Name of publisher, distributor, etc. | SCME |
| Date of publication, distribution, etc. | 2009 |
| 300 ## - PHYSICAL DESCRIPTION | |
| Extent | 91P |
| 942 ## - ADDED ENTRY ELEMENTS (KOHA) | |
| Source of classification or shelving scheme | |
| Koha item type | Reference |
| Withdrawn status | Lost status | Damaged status | Not for loan | Permanent Location | Current Location | Date acquired | Total Checkouts | Full call number | Barcode | Date last seen | Price effective from | Koha item type |
|---|---|---|---|---|---|---|---|---|---|---|---|---|
| School of Chemical & Materials Engineering (SCME) | School of Chemical & Materials Engineering (SCME) | MTL-MS IQ/BL | SCME-T0032 | 04/29/2021 | 04/29/2021 | Reference |
